The motor vehicles act (IV of 1939) with motor vehicles rules 1989 / (Record no. 891775)
[ view plain ]
| 000 -LEADER | |
|---|---|
| fixed length control field | 00994nam a2200313 a 4500 |
| 001 - CONTROL NUMBER | |
| control field | vtls001439203 |
| 003 - CONTROL NUMBER IDENTIFIER | |
| control field | NLI |
| 005 - DATE AND TIME OF LATEST TRANSACTION | |
| control field | 20210627122023.0 |
| 008 - FIXED-LENGTH DATA ELEMENTS--GENERAL INFORMATION | |
| fixed length control field | 121130s1989 ii 000 0 eng |
| 039 #9 - LEVEL OF BIBLIOGRAPHIC CONTROL AND CODING DETAIL [OBSOLETE] | |
| -- | 201211301646 |
| -- | VLOAD |
| 040 ## - CATALOGING SOURCE | |
| Original cataloging agency | NLI |
| Language of cataloging | eng |
| Transcribing agency | Datasoft_GENG |
| Description conventions | AACR2 |
| 041 0# - LANGUAGE CODE | |
| Language code of text/sound track or separate title | eng |
| 044 ## - COUNTRY OF PUBLISHING/PRODUCING ENTITY CODE | |
| MARC country code | ii |
| 082 04 - DEWEY DECIMAL CLASSIFICATION NUMBER | |
| Classification number | 343.54093 |
| 100 1# - MAIN ENTRY--PERSONAL NAME | |
| Personal name | Manohar, V. R. |
| 9 (RLIN) | 808985 |
| 245 14 - TITLE STATEMENT | |
| Title | The motor vehicles act (IV of 1939) with motor vehicles rules 1989 / |
| Statement of responsibility, etc. | by V. R. Manohar and W. W. Chitaley |
| 260 ## - PUBLICATION, DISTRIBUTION, ETC. | |
| Place of publication, distribution, etc. | Nagpur : |
| Name of publisher, distributor, etc. | All India Reporter, |
| Date of publication, distribution, etc. | 1989 |
| 300 ## - PHYSICAL DESCRIPTION | |
| Extent | 394 p. ; |
| Dimensions | 25 cm. |
| 500 ## - GENERAL NOTE | |
| General note | Supplement |
| 650 #0 - SUBJECT ADDED ENTRY--TOPICAL TERM | |
| Topical term or geographic name entry element | Automobiles |
| General subdivision | Law and legislation |
| Geographic subdivision | India |
| 9 (RLIN) | 782673 |
| 650 #0 - SUBJECT ADDED ENTRY--TOPICAL TERM | |
| Topical term or geographic name entry element | Transportation, Automotive |
| General subdivision | Law and legislation |
| Geographic subdivision | India |
| 9 (RLIN) | 782674 |
| 700 1# - ADDED ENTRY--PERSONAL NAME | |
| Personal name | Chitaley, W. W., |
| Relationship | aut |
| 9 (RLIN) | 808986 |
| 887 ## - NON-MARC INFORMATION FIELD | |
| Content of non-MARC field | |
| 901 ## - LOCAL DATA ELEMENT A, LDA (RLIN) | |
| a | DB63069 |
| b | 17.02.1993 |
| 902 ## - LOCAL DATA ELEMENT B, LDB (RLIN) | |
| a | E/O 343.54093 M 317 |
| 904 ## - LOCAL DATA ELEMENT D, LDD (RLIN) | |
| l | 3498 |
| 949 ## - LOCAL PROCESSING INFORMATION (OCLC) | |
| -- | VIRTUAITEM |
| -- | 10000 |
| -- | 100 |
| 6 | DBA000063069ENG |
| 942 ## - ADDED ENTRY ELEMENTS (KOHA) | |
| Source of classification or shelving scheme | Dewey Decimal Classification |
| Koha item type | Books |
| Withdrawn status | Lost status | Damaged status | Not for loan | Collection code | Home library | Current library | Shelving location | Date acquired | Total Checkouts | Full call number | Barcode | Date last seen | Price effective from | Koha item type |
|---|---|---|---|---|---|---|---|---|---|---|---|---|---|---|
| New English Oversized | National Library of India | National Library of India | New English Oversized - Main Stack Division | E/O 343.54093 M 317 | DBA000063069ENG | 27/06/2021 | 27/06/2021 | Books |
